Our nation's path : (Record no. 25601)
[ view plain ]
| 000 -LEADER | |
|---|---|
| fixed length control field | 00833cam a22002651 4500 |
| 001 - CONTROL NUMBER | |
| control field | 25601 |
| 003 - CONTROL NUMBER IDENTIFIER | |
| rucl marc code | BD-RjUL |
| 005 - DATE AND TIME OF LATEST TRANSACTION | |
| control field | 20211209050912.0 |
| 008 - FIXED-LENGTH DATA ELEMENTS--GENERAL INFORMATION | |
| fixed length control field | 140318s1970 ko 000 0 eng |
| 035 ## - SYSTEM CONTROL NUMBER | |
| System control number | (BD-RjUL)25671 |
| 040 ## - CATALOGING SOURCE | |
| Original cataloging agency | DLC |
| Transcribing agency | DLC |
| Modifying agency | DLC |
| -- | OCoLC |
| -- | BD-RjUL |
| Language of cataloging | eng |
| 041 1# - LANGUAGE CODE | |
| Language code of text/sound track or separate title | engkor |
| 082 ## - DEWEY DECIMAL CLASSIFICATION NUMBER | |
| Classification number | 951.9043 |
| Author mark and year | CHO 1970 |
| 100 1# - MAIN ENTRY--PERSONAL NAME | |
| Personal name | Chung Hee,Park, |
| Dates associated with a name | 1917-1979. |
| 9 (RLIN) | 77098 |
| 245 10 - TITLE STATEMENT | |
| Title | Our nation's path : |
| Remainder of title | ideology of social reconstruction / |
| Statement of responsibility, etc. | by Park Chung Hee. |
| 250 ## - EDITION STATEMENT | |
| Edition statement | 2d ed. |
| 260 ## - PUBLICATION, DISTRIBUTION, ETC. (IMPRINT) | |
| Place of publication, distribution, etc. | Seoul : |
| Name of publisher, distributor, etc. | Hollym Corp., |
| Date of publication, distribution, etc. | 1970. |
| 300 ## - PHYSICAL DESCRIPTION | |
| Pagination | xiv, 240 p. ; |
| Size | 24 cm. |
| 500 ## - GENERAL NOTE | |
| General note | Translation of Uri minjok ŭi nagal kil. |
| 651 #0 - SUBJECT ADDED ENTRY--GEOGRAPHIC NAME | |
| Geographic name | Korea (South) |
| General subdivision | Politics and government |
| Chronological subdivision | 1960-1988. |
| 9 (RLIN) | 78686 |
| 942 ## - ADDED ENTRY ELEMENTS (KOHA) | |
| Source of classification or shelving scheme | Dewey Decimal Classification |
| Koha item type | Books |
| Lost status | Source of classification or shelving scheme | Damaged status | Not for loan | Collection code | Permanent Location | Current Location | Shelving location | Date acquired | Total Checkouts | Full call number | Date last seen | Copy number | Koha item type |
|---|---|---|---|---|---|---|---|---|---|---|---|---|---|
| Dewey Decimal Classification | Added to bundle | Non-fiction | Central Library, University of Rajshahi | Central Library, University of Rajshahi | Reading Room | 18/03/2014 | 951.9043 CHO 1970 | 18/03/2014 | C-1 | Books |